[Event "Harrogate 4NCL op-B 29th"]
[Site "Harrogate"]
[Date "2023.01.21"]
[Round "3"]
[White "McDonnell, James J"]
[Black "Echavarria Hidalgo, Fernando"]
[Result "1-0"]
[WhiteElo "1902"]
[BlackElo "1793"]
[PlyCount "113"]
[EventDate "2023.01.20"]
[EventType "swiss"]
[EventRounds "5"]
[EventCountry "ENG"]
[SourceTitle "CBM 212 Extra"]
[Source "ChessBase"]
[SourceDate "2023.03.31"]
[SourceVersion "1"]
[SourceVersionDate "2023.03.31"]
[SourceQuality "1"]

1. e4 d6 2. d4 Nf6 3. Nc3 g6 4. f4 Bg7 5. Nf3 0-0 6. Bd3 c5 7. dxc5 dxc5 8. 0-0 Bg4 9. Be3 b6 10. h3 Bxf3 11. Qxf3 Nc6 12. e5 Nd4 13. Qf2 Ne8 14. Rad1 e6 15. Be4 Rc8 16. Nb5 Qe7 17. Nxd4 cxd4 18. Bxd4 Nc7 19. Qe2 Rfd8 20. a3 Bf8 21. Kh1 Qh4 22. Kh2 Nd5 23. g3 Qe7 24. c3 Qc7 25. Rd2 Bc5 26. Rfd1 Bxd4 27. Rxd4 Ne7 28. Qd3 Re8 29. Rd7 Qc5 30. Rd2 a5 31. Qd4 Qxd4 32. R2xd4 Rb8 33. Ra7 Kf8 34. Kg2 Red8 35. Rad7 Re8 36. Kf3 h5 37. g4 hxg4+ 38. hxg4 Kg7 39. Rc7 f5 40. exf6+ Kxf6 41. g5+ Kf7 42. Rdd7 Kf8 43. Ke3 Nf5+ 44. Kf3 Re7 45. Rxe7 Nxe7 46. Rb7 Rxb7 47. Bxb7 Nf5 48. Be4 Ne7 49. Ke3 Nf5+ 50. Bxf5 exf5 51. Kd4 Ke7 52. Kd5 Kd7 53. b4 a4 54. c4 Kc7 55. Ke6 b5 56. c5 Kc6 57. Kf6 1-0

[Event "Hastings Weekend op"]
[Site "Hastings"]
[Date "2023.01.08"]
[Round "4"]
[White "McDonnell, James J"]
[Black "Varnam, Liam"]
[Result "0-1"]
[WhiteElo "1758"]
[BlackElo "2110"]
[PlyCount "88"]
[EventDate "2023.01.07"]
[EventType "swiss"]
[EventRounds "5"]
[EventCountry "ENG"]
[SourceTitle "CBM 212 Extra"]
[Source "ChessBase"]
[SourceDate "2023.03.31"]
[SourceVersion "1"]
[SourceVersionDate "2023.03.31"]
[SourceQuality "1"]

1. e4 c5 2. Nf3 Nc6 3. d4 cxd4 4. Nxd4 Nf6 5. Nc3 e5 6. Ndb5 d6 7. Bg5 a6 8. Na3 b5 9. Nd5 Be7 10. Bxf6 Bxf6 11. c3 0-0 12. Nc2 Rb8 13. Nce3 Bg5 14. Bd3 Be6 15. 0-0 g6 16. Be2 f5 17. Bf3 Ne7 18. Nxe7+ Qxe7 19. Nd5 Qf7 20. exf5 gxf5 21. Bh5 Qb7 22. Nb4 d5 23. Re1 Bf6 24. f4 e4 25. Nc2 Qb6+ 26. Kh1 d4 27. Nxd4 Rfd8 28. Qe2 Bxd4 29. cxd4 Rxd4 30. b3 Bf7 31. Bxf7+ Kxf7 32. Rad1 Rbd8 33. Rxd4 Rxd4 34. Rd1 Ke6 35. h3 Rxd1+ 36. Qxd1 e3 37. Qh5 Qd8 38. Qh6+ Kd5 39. Qh5 Qe7 40. Qd1+ Kc5 41. Qc2+ Kb6 42. Kg1 e2 43. Qxf5 e1Q+ 44. Kh2 Qg7 0-1

[Event "Hammersmith CC op U2000"]
[Site "London"]
[Date "2022.06.05"]
[Round "4"]
[White "Walker, Joseph"]
[Black "McDonnell, James J"]
[Result "0-1"]
[WhiteElo "1713"]
[BlackElo "1934"]
[PlyCount "98"]
[EventDate "2022.06.04"]
[EventType "swiss"]
[EventRounds "5"]
[EventCountry "ENG"]
[SourceTitle "CBM 208 Extra"]
[Source "ChessBase"]
[SourceDate "2022.07.31"]
[SourceVersion "1"]
[SourceVersionDate "2022.07.31"]
[SourceQuality "1"]

1. d4 d5 2. Nf3 Nf6 3. e3 Bf5 4. c4 c6 5. Nc3 g6 6. Qb3 Qb6 7. c5 Qxb3 8. axb3 Bg7 9. b4 0-0 10. Be2 Re8 11. 0-0 Nfd7 12. Bd2 e5 13. dxe5 Nxe5 14. Nd4 Bd3 15. Ra2 Bxe2 16. Ncxe2 Nbd7 17. Rfa1 a6 18. Bc3 Rac8 19. h3 Nf8 20. b3 Ned7 21. Rd1 Nf6 22. Ng3 Ne4 23. Nxe4 Rxe4 24. Rad2 Rce8 25. g3 Nd7 26. Kg2 f5 27. Bb2 Kf7 28. Ba1 h6 29. Bb2 Nf8 30. Ba1 Ne6 31. Rd3 Nxd4 32. Bxd4 Bxd4 33. Rxd4 Kf6 34. R1d2 R8e6 35. Rd1 Ke7 36. R1d2 Kd7 37. Rxe4 Rxe4 38. Rd4 Ke6 39. Kf3 Ke5 40. Rxe4+ dxe4+ 41. Ke2 Kd5 42. h4 a5 43. bxa5 Kxc5 44. f4 h5 45. Kd2 Kb4 46. Kc2 Kxa5 47. Kc3 Kb5 48. Kc2 Kb4 49. Kb2 b5 0-1

[Event "London Classic op U2050-B 11th"]
[Site "London"]
[Date "2019.12.03"]
[Round "2"]
[White "McDonnell, James J"]
[Black "Stoica, Savas Marin"]
[Result "0-1"]
[WhiteElo "1796"]
[BlackElo "1637"]
[PlyCount "76"]
[EventDate "2019.12.02"]
[EventType "swiss"]
[EventRounds "5"]
[EventCountry "ENG"]
[SourceTitle "CBM 195 Extra"]
[Source "ChessBase"]
[SourceDate "2020.05.31"]
[SourceVersion "1"]
[SourceVersionDate "2020.05.31"]
[SourceQuality "1"]

1. e4 c6 2. d4 d5 3. e5 Bf5 4. Nf3 e6 5. Be2 Nd7 6. 0-0 h6 7. Nbd2 Ne7 8. Nb3 g5 9. Be3 Bg7 10. h3 0-0 11. Qd2 f6 12. exf6 Nxf6 13. Qb4 b6 14. Rac1 a5 15. Qe1 Ne4 16. a3 Bh7 17. Nbd2 c5 18. c3 Nf5 19. Bd3 Nfd6 20. Nb1 Bf5 21. Bc2 h5 22. Nfd2 cxd4 23. cxd4 e5 24. Nxe4 dxe4 25. dxe5 Bxe5 26. Bb3+ Kh8 27. Qd2 g4 28. Bg5 Qe8 29. h4 Nf7 30. Nc3 Nxg5 31. Qxg5 Bh7 32. Nd5 Rf5 33. Qh6 Qd8 34. g3 Rf3 35. Ba2 Qb8 36. Rc7 Bxc7 37. Ne7 Qe8 38. Bg8 Qxe7 0-1

[Event "Basingstoke 4NCL Spring Bank 2nd U2050"]
[Site "Basingstoke"]
[Date "2019.05.27"]
[Round "7"]
[White "McDonnell, James J"]
[Black "Wilson, Matthew R"]
[Result "1/2-1/2"]
[WhiteElo "1815"]
[BlackElo "1843"]
[PlyCount "119"]
[EventDate "2019.05.24"]
[EventType "swiss"]
[EventRounds "7"]
[EventCountry "ENG"]
[SourceTitle "EXT 2020"]
[Source "ChessBase"]
[SourceDate "2019.10.17"]
[SourceVersion "1"]
[SourceVersionDate "2019.10.17"]
[SourceQuality "1"]

1. e4 e5 2. Nf3 Nf6 3. d4 Nxe4 4. Bd3 d5 5. Nxe5 Nd7 6. Nf3 Bd6 7. 0-0 0-0 8. Re1 Re8 9. c4 c6 10. Nc3 Ndf6 11. c5 Bb8 12. h3 Bf5 13. Ne2 a5 14. Bf4 Bxf4 15. Nxf4 Qc7 16. Ne2 Bg6 17. Ne5 Nxc5 18. Bxg6 hxg6 19. Nxg6 Ne6 20. Nh4 a4 21. Nf3 a3 22. b3 Nf4 23. Qd2 Nxe2+ 24. Rxe2 Rxe2 25. Qxe2 Ne4 26. Qd3 Qf4 27. Re1 g6 28. Qe3 Qxe3 29. Rxe3 f6 30. Kf1 Kf7 31. b4 Ra4 32. Ne1 Nd6 33. Nc2 Nb5 34. Ke2 g5 35. Kd2 Kg6 36. Ke2 Ra6 37. Kf1 Ra8 38. f3 Kf7 39. Kf2 Kg6 40. Kg3 Kf5 41. Kf2 Kg6 42. g4 Kf7 43. Kg3 Kg6 44. h4 gxh4+ 45. Kxh4 Rh8+ 46. Kg3 Ra8 47. Kf4 Ra4 48. Kg3 Ra8 49. f4 Kf7 50. Kg2 Re8 51. Kf3 Rxe3+ 52. Kxe3 Nc3 53. Nxa3 Nxa2 54. b5 Nc3 55. bxc6 bxc6 56. Nc2 Ke6 57. Nb4 Kd6 58. g5 fxg5 59. fxg5 Ne4 60. Kf4 1/2-1/2

[Event "Basingstoke 4NCL Spring Bank 2nd U2050"]
[Site "Basingstoke"]
[Date "2019.05.26"]
[Round "5"]
[White "McDonnell, James J"]
[Black "Hirst, Joe"]
[Result "1/2-1/2"]
[WhiteElo "1815"]
[BlackElo "1564"]
[PlyCount "52"]
[EventDate "2019.05.24"]
[EventType "swiss"]
[EventRounds "7"]
[EventCountry "ENG"]
[SourceTitle "EXT 2020"]
[Source "ChessBase"]
[SourceDate "2019.10.17"]
[SourceVersion "1"]
[SourceVersionDate "2019.10.17"]
[SourceQuality "1"]

1. e4 c5 2. Nf3 e6 3. d4 cxd4 4. Nxd4 a6 5. Bd3 Nf6 6. 0-0 Qc7 7. Nc3 Be7 8. a4 d6 9. Be3 Nbd7 10. a5 b5 11. axb6 Nxb6 12. Qe2 0-0 13. Bxa6 Bxa6 14. Rxa6 Rxa6 15. Qxa6 Ra8 16. Qd3 Ng4 17. Ncb5 Qb7 18. Bc1 Ne5 19. Qe2 Nbd7 20. Nb3 Qc6 21. Re1 Rb8 22. N5d4 Qc7 23. h3 Nc4 24. Qd1 Bf6 25. Re2 Nc5 26. c3 Na4 1/2-1/2

[Event "Bunratty Masters 26th"]
[Site "Bunratty"]
[Date "2019.02.24"]
[Round "6"]
[White "McDonnell, James J"]
[Black "O'Neill, Paul Sean"]
[Result "0-1"]
[WhiteElo "1825"]
[BlackElo "2012"]
[PlyCount "56"]
[EventDate "2019.02.22"]
[EventType "swiss"]
[EventRounds "6"]
[EventCountry "IRL"]
[SourceTitle "EXT 2024"]
[Source "ChessBase"]
[SourceDate "2023.10.10"]
[SourceVersion "1"]
[SourceVersionDate "2023.10.10"]
[SourceQuality "1"]

1. e4 d5 2. exd5 Nf6 3. Bb5+ Bd7 4. Bc4 b5 5. Bb3 Bg4 6. f3 Bf5 7. Qe2 Qd7 8. a4 b4 9. c4 c6 10. Qe5 cxd5 11. cxd5 Na6 12. Bc4 Nc5 13. Ke2 Rc8 14. Nh3 Nxa4 15. Ba6 Rd8 16. d6 Rb8 17. b3 Rb6 18. Bc4 e6 19. bxa4 Bxd6 20. Qe3 0-0 21. Bb5 Qc7 22. Bb2 Nd5 23. Qd4 f6 24. Rc1 Qf7 25. Qh4 Bxh3 26. gxh3 Nf4+ 27. Kf1 Rxb5 28. axb5 Qg6 0-1

[Event "Bunratty Masters 26th"]
[Site "Bunratty"]
[Date "2019.02.23"]
[Round "3"]
[White "Gelip, Ioana"]
[Black "McDonnell, James J"]
[Result "1-0"]
[WhiteElo "2185"]
[BlackElo "1825"]
[PlyCount "55"]
[EventDate "2019.02.22"]
[EventType "swiss"]
[EventRounds "6"]
[EventCountry "IRL"]
[SourceTitle "EXT 2024"]
[Source "ChessBase"]
[SourceDate "2023.10.10"]
[SourceVersion "1"]
[SourceVersionDate "2023.10.10"]
[SourceQuality "1"]

1. e4 c5 2. Nf3 Nc6 3. d4 cxd4 4. Nxd4 Nf6 5. Nc3 d6 6. Bg5 e6 7. Qd2 Be7 8. 0-0-0 0-0 9. f4 Nxd4 10. Qxd4 Qa5 11. Kb1 Rd8 12. Bc4 a6 13. Bb3 Bd7 14. e5 dxe5 15. fxe5 Bc6 16. Qf4 Nd5 17. Bxd5 Bxg5 18. Qxg5 Bxd5 19. Rd3 Bc6 20. Rg3 g6 21. h4 Rd7 22. h5 Qd8 23. Qh6 Qe8 24. Nd1 Be4 25. Ne3 Rc7 26. Ng4 Bxc2+ 27. Ka1 Kh8 28. Nf6 1-0

[Event "Bunratty Masters 26th"]
[Site "Bunratty"]
[Date "2019.02.23"]
[Round "4"]
[White "McDonnell, James J"]
[Black "Artola Pola, Gerardo"]
[Result "0-1"]
[WhiteElo "1825"]
[BlackElo "1975"]
[PlyCount "86"]
[EventDate "2019.02.22"]
[EventType "swiss"]
[EventRounds "6"]
[EventCountry "IRL"]
[SourceTitle "EXT 2024"]
[Source "ChessBase"]
[SourceDate "2023.10.10"]
[SourceVersion "1"]
[SourceVersionDate "2023.10.10"]
[SourceQuality "1"]

1. e4 d6 2. d4 Nf6 3. Nc3 g6 4. f4 Bg7 5. Nf3 c5 6. dxc5 Qa5 7. Bd3 Qxc5 8. Qe2 Bg4 9. Be3 Qa5 10. 0-0 Nc6 11. h3 Bxf3 12. Qxf3 0-0 13. a3 Nd7 14. Bd2 Qd8 15. Kh1 a6 16. Rae1 b5 17. b4 Rc8 18. Nd5 e6 19. Ne3 Nd4 20. Qd1 f5 21. exf5 gxf5 22. c3 Nc6 23. Qb3 d5 24. Nc2 Qf6 25. Re2 Nb6 26. Rfe1 Nc4 27. Bxc4 dxc4 28. Qb2 Rfe8 29. Ne3 e5 30. Nd1 e4 31. Be3 Red8 32. Bd2 Rd6 33. Qc2 Rcd8 34. Be3 Rd3 35. Bc5 Qh4 36. Be3 Ne7 37. Kh2 Nd5 38. g3 Qh5 39. Bd4 Nxf4 40. Re3 Qxh3+ 41. Kg1 Bxd4 42. gxf4 Bxe3+ 43. Nxe3 Rd2 0-1

[Event "London CSC Weekend U2050 op 10th"]
[Site "London"]
[Date "2018.12.14"]
[Round "1"]
[White "McDonnell, James J"]
[Black "Myall, Ivan J"]
[Result "0-1"]
[WhiteElo "1845"]
[BlackElo "1995"]
[PlyCount "46"]
[EventDate "2018.12.14"]
[EventType "swiss"]
[EventRounds "5"]
[EventCountry "ENG"]
[SourceTitle "EXT 2020"]
[Source "ChessBase"]
[SourceDate "2019.10.17"]
[SourceVersion "1"]
[SourceVersionDate "2019.10.17"]
[SourceQuality "1"]

1. e4 e5 2. Nf3 Nc6 3. Bb5 Bc5 4. c3 f5 5. Bxc6 dxc6 6. Nxe5 Bd6 7. Qh5+ g6 8. Nxg6 Nf6 9. Qh6 Rg8 10. Nh4 Bf8 11. Qf4 Rg4 12. Qe5+ Kf7 13. f3 Rxh4 14. Qg3 Nh5 15. Qf2 Bd6 16. Kd1 Bxh2 17. g4 Bg3 18. Qf1 fxg4 19. fxg4+ Nf4 20. d4 Bxg4+ 21. Kc2 Be2 22. Qg1 Bd3+ 23. Kd1 Bxe4 0-1

[Event "Basingstoke 4NCL Spring Bank op-B 1st"]
[Site "Basingstoke"]
[Date "2018.05.27"]
[Round "5"]
[White "McDonnell, James J"]
[Black "Tart, Peter K"]
[Result "1/2-1/2"]
[WhiteElo "1833"]
[BlackElo "1939"]
[PlyCount "91"]
[EventDate "2018.05.25"]
[EventType "swiss"]
[EventRounds "7"]
[EventCountry "ENG"]
[SourceTitle "CBM 184 Extra"]
[Source "ChessBase"]
[SourceDate "2018.06.28"]
[SourceVersion "1"]
[SourceVersionDate "2018.06.28"]
[SourceQuality "1"]

1. e4 e5 2. Nf3 Nf6 3. d4 Nxe4 4. Bd3 d5 5. Nxe5 Bd6 6. Nf3 0-0 7. 0-0 Bg4 8. h3 Bh5 9. c4 Qf6 10. cxd5 Bxf3 11. Qxf3 Qxf3 12. gxf3 Nf6 13. Nc3 Nbd7 14. Nb5 Nxd5 15. Nxd6 cxd6 16. Be4 N7f6 17. Bg5 Nxe4 18. fxe4 f6 19. Bd2 Nb6 20. Bb4 Rfe8 21. Rfe1 d5 22. f3 Rad8 23. Rad1 Kf7 24. b3 Rc8 25. Rd2 dxe4 26. fxe4 Nd5 27. Bd6 Rc3 28. Rde2 Re6 29. exd5 Rxd6 30. Re7+ Kg6 31. Rxb7 Rxd5 32. Ree7 Rxd4 33. Rxg7+ Kf5 34. Kh2 Rh4 35. Rxa7 Rcxh3+ 36. Kg2 Rh2+ 37. Kg1 h5 38. Ra5+ Kf4 39. Ra4+ Kf3 40. Rxh4 Rxh4 41. Rc7 f5 42. Rc3+ Ke2 43. Rc2+ Kd3 44. Rc8 Ke2 45. Rc2+ Kd3 46. Rc8 1/2-1/2

[Event "London Classic op U2050 9th"]
[Site "London"]
[Date "2017.12.07"]
[Round "4"]
[White "McDonnell, James J"]
[Black "Morgans, Justin"]
[Result "1/2-1/2"]
[WhiteElo "1834"]
[BlackElo "1648"]
[PlyCount "87"]
[EventDate "2017.12.04"]
[EventType "swiss"]
[EventRounds "5"]
[EventCountry "ENG"]
[SourceTitle "CBM 182 Extra"]
[Source "ChessBase"]
[SourceDate "2018.02.23"]
[SourceVersion "1"]
[SourceVersionDate "2018.02.23"]
[SourceQuality "1"]

1. e4 c5 2. Nf3 d6 3. d4 cxd4 4. Nxd4 Nf6 5. Nc3 a6 6. Qf3 g6 7. h3 Bg7 8. Be3 0-0 9. g4 Nbd7 10. 0-0-0 Ne5 11. Qg2 Bd7 12. f4 Nc6 13. Be2 Qa5 14. Nb3 Qc7 15. g5 Ne8 16. Nd5 Qd8 17. Nb6 Rb8 18. Kb1 Qc7 19. Nxd7 Qxd7 20. h4 Qc7 21. a3 b5 22. h5 Na5 23. hxg6 Nc4 24. Qh2 fxg6 25. Bd4 e5 26. fxe5 Bxe5 27. Bxe5 Nxe5 28. Nd4 Rf7 29. Rdf1 Rb7 30. Ne6 Rxf1+ 31. Rxf1 Qe7 32. Qh6 Nf7 33. Qh3 Ng7 34. Nxg7 Kxg7 35. Qc3+ Ne5 36. Qc8 Nc4 37. Bxc4 bxc4 38. Qxc4 Qxg5 39. Qc8 Qe7 40. Qc6 Rc7 41. Qxa6 Qxe4 42. Qxd6 Qxc2+ 43. Ka1 h5 44. Qf8+ 1/2-1/2

[Event "London Classic op U2050-A 8th"]
[Site "London"]
[Date "2016.12.11"]
[Round "5"]
[White "Yu, X Henry"]
[Black "McDonnell, James J"]
[Result "1/2-1/2"]
[WhiteElo "1742"]
[BlackElo "1891"]
[PlyCount "101"]
[EventDate "2016.12.09"]
[EventType "swiss"]
[EventRounds "5"]
[EventCountry "ENG"]
[SourceTitle "EXT 2019"]
[Source "ChessBase"]
[SourceDate "2018.10.10"]
[SourceVersion "1"]
[SourceVersionDate "2018.10.10"]
[SourceQuality "1"]

1. e4 c5 2. Nf3 Nc6 3. d4 cxd4 4. Nxd4 Nf6 5. Nc3 d6 6. Be3 Ng4 7. Qd2 Nxe3 8. Qxe3 e6 9. Bb5 Qc7 10. 0-0 Be7 11. Nf3 0-0 12. Rad1 a6 13. Bc4 b5 14. Bb3 Na5 15. Nd4 Nxb3 16. Nxb3 Bb7 17. Rfe1 Rfd8 18. Nd4 Rac8 19. Nce2 Bf6 20. c3 d5 21. Ng3 dxe4 22. Nxe4 Be5 23. h3 Bf4 24. Qe2 Bd5 25. b3 Qb7 26. Rd3 Bb8 27. Nf3 Qc7 28. Red1 h6 29. Ng3 Qb6 30. Nf1 Qc7 31. Ng3 Re8 32. Nf1 Qb7 33. Re1 Bf4 34. Red1 Qa8 35. N1h2 Be4 36. Rd4 Bxh2+ 37. Kxh2 Bxf3 38. gxf3 Rxc3 39. R4d3 Rxd3 40. Qxd3 Qc6 41. Kg2 Rc8 42. Rd2 Qc5 43. Qd7 Qg5+ 44. Kh2 Rc1 45. Rd1 Rc2 46. Qd4 Rxa2 47. Rg1 e5 48. Qc5 Qf4+ 49. Rg3 Qd4 50. Qc8+ Kh7 51. Qf5+ 1/2-1/2